000 00755nam a2200229Ia 4500
005 20260430150737.0
008 008 250103s9999 xx 000 0 hin d
037 _aTheses
040 _aCRL
040 _bhin
040 _chin
041 _2hin
041 _ahin
084 _qCRL
100 _aशर्मा, कंचन, ले.
_9865430
245 0 _aमुसहरों के बच्चे: संदर्भ विशेष में निर्मित होता बचपन
260 _c2021
300 _a176पृ0
700 _aदिल्ली विश्वविद्यालय. शिक्षा संकाय. शिक्षा विभाग
_9556122
942 _cTH
999 _c1850563
_d1850563